| 000 | 01142nam a2200313 a 4500 | ||
|---|---|---|---|
| 001 | |||
| 003 | DO-SdBNP | ||
| 005 | 20220127115824.0 | ||
| 008 | 190206s2016 dr d r 000 0 spa d | ||
| 020 | _a9789945167764 | ||
| 040 |
_aDO-SdBNP _bspa _cBPMSU |
||
| 082 |
_a 363.467293 _bS623a 2016 _222 |
||
| 245 | 0 | 0 |
_aSituación del aborto en República Dominicana / _c Leopoldina Cairo ... [et.al] |
| 260 |
_aSanto Domingo : _bProfamilia, _c2016. |
||
| 300 |
_a196 p. : _bdiagr. ; _c28 cm. |
||
| 500 | _aProyecto avanzando en la garantía y defensa de los derechos de las mujeres, de los derechos sexuales y los derechos reproductivos. | ||
| 504 | _aIncluye referencias bibliográficas y notas al pie de las paginas | ||
| 590 | _aInventariado, 2022/VM | ||
| 650 | 4 |
_aAborto _xAspectos sociales. _zRepública Dominicana |
|
| 650 | 4 |
_aAborto _xAspectos morales y éticos. |
|
| 700 | 1 | _aCairo, Leopoldina | |
| 700 | 1 | _aFigueroa, José | |
| 700 | 1 | _aSangiovanni, Gianna | |
| 700 | 1 | _aFlores Chang, Myrna | |
| 700 | 1 | _aSaleta, Claudia | |
| 710 | 2 | _aProfamilia (República Diminicana ) | |
| 910 | _aVMateo V. | ||
| 942 |
_2ddc _cBK |
||
| 999 |
_c13984 _d13984 |
||